000 00665nam a2200205 a 4500
001 000025240
005 20200930023643.0
008 110211s1963 sp r 000 0 spa d
040 _aDO-SdBNP
_bspa
_cBNPHU
082 _axxxxx
_bS541r
100 1 _aSheen, Fulton J
_951717
245 1 0 _aReligión sin Dios /
_cFulton J. Sheen ; traducción Rafael Caldentey Prohens , Deán de Ibiza.
250 _a3a ed.
260 _aBarcelona, España :
_bPlaneta,
_c1963.
300 _a358 p. ;
_c20.5 cm.
534 _aTítulo original:
_tReligion without god,
700 1 _aCaldentey Prohens, Rafael,
_etr.
_951729
700 1 _aIbiza, Deán de,
_etr.
_951730
049 _aBNGR
999 _c24733
_d24733